Footprints: (Record no. 160658)

MARC details
000 -LEADER
fixed length control field 00490nam a22001697a 4500
005 - DATE AND TIME OF LATEST TRANSACTION
control field 20190207131749.0
010 ## - LCCN (DPL NO)
LC control number A-978694
020 ## - INTERNATIONAL STANDARD BOOK NUMBER
International Standard Book Number 8125906223
Terms of availability 35.00
035 ## - SYSTEM CONTROL NUMBER
System control number A-978694
037 ## - SOURCE OF ACQUISITION
Source of stock number/acquisition Vikas Publishing House Pvt. Ltd.
082 ## - DEWEY DECIMAL CLASSIFICATION NUMBER
Classification number S
100 ## - MAIN ENTRY--PERSONAL NAME
Personal name Dhody, Chandan Lal
245 ## - TITLE STATEMENT
Title Footprints:
Remainder of title Timeless tales retold for childern /
Statement of responsibility, etc Chandan Lal Dhody
260 ## - PUBLICATION, DISTRIBUTION, ETC. (IMPRINT)
Place of publication, distribution, etc New Delhi
Name of publisher, distributor, etc Vikas Publishing House Pvt. Ltd.
Date of publication, distribution, etc 1998
300 ## - PHYSICAL DESCRIPTION
Extent 79p.
Dimensions 20cm(pbk)
942 ## - ADDED ENTRY ELEMENTS (KOHA)
Source of classification or shelving scheme Dewey Decimal Classification
Item type English Books
Classification part S
Call number suffix DHO
Holdings
Withdrawn status Lost status Not for loan Collection code Home library Current library Date acquired Full call number Barcode Koha item type
      Fiction Sarojini Nagar Sarojini Nagar 07/02/2019 S DHO A-978694 English Books

© Delhi Public Library
Hit Counter
free hit counter